000 00770cam a2200169Ka 4500
082 _a355.009244
_bLIF
100 1 _aScott, Walter,
_949337
245 1 0 _aLife of Napoleon Buonaparte
_bwith a preliminary view of the French Revolution /
_cby Sir Walter Scott ; in five volumes ; with notes.
260 _aEdinburgh :
_bRobert Cadell,
_c1843
300 _a1 online resource (5 v.) :
_bill., port.
500 _aEach vol. with added t.p., engraved.
500 _aPublisher's advertisements: [6] p. at front of v. 1-2 ([4] p. on small folded sheet tipped in), [2] p. at front of v. 3-5.
526 _a0
_b0
_c0
_d355_009244000000000_LIF
650 0 _aHeads of state
_zFrance
_949338
856 4 0 _uhttp://catalog.hathitrust.org/api/volumes/oclc/61571373.html
942 _2ddc
_cBK
999 _c552118
_d552118